=LDR 00000nam 2200000 4500 =001 INLIS000000000029221 =005 20130612131454 =008 ***********************************ind** =035 ##$$0010-061300000029221 =041 ##$$a ind =082 ##$$a 658.403 =090 ##$$a 658.403, RAH p =100 ##$$a Rahadi, F =245 ##$$a Petani berdasi, F. Rahardi =260 ##$$a 1994 $b Jakarta =300 ##$$a viii, 163 hlm., 21 cm =650 ##$$a Petani =850 ##$$a NBPNMAT